00875nam a2200217 a 4500001001000000003000500010005001700015008004100032010001100073011001100084040000900095100003500104245018200139260004100321500006000362502006700422650004500489650002700534650002600561856007000587000113760CHAP20220329144411.0170914s2017 mx sm |||||||spa d a110221 a111193 cCHAP1 aRodríguez Esquivel, Gabriela10aDistribución espacial de la salinidad en los suelos del valle lagunilla-Julian Villagran del Distrito de Riego 03, Tula, Hgo.h[En línea]cpor Gabriela Rodríguez Esquivel. aChapingo, Méx. :bEl autor,c2017. aPara ver el contenido del material haga clic en la liga aTesis (Ing. Agr. Esp. en Suelos)- UACH. Departamento de Suelos14aSuelos salinosxDistribuciónzHidalgo.14aSuelosxComposición.14aSuelosxEvaluación. aFinding aiduhttp://10.13.5.2/tesis/sist113760.pdfzTeclea aquí